00430nam a2200121Ia 4500082002100000245013400021260004300155300000800198650002200206650003100228650002100259700002800280 a305.420954 WOM-T 0aNational seminar on women and political participation in Indian democratic systembresearching the past and redefining the future aJodhpurbNational Law Universityc2008 av.p aWomen in politics aIndiavWomen and democracy aDemocracyvIndia aNational Law University